Birds True or False - Statistics

General Stats
  • This quiz has been taken 27 times
  • The average score is 7 of 10
Answer Stats
Question Answer % Correct
Male Red-tailed Hawks are larger than females. False
88%
Black-capped chickadees are perching birds. True
88%
Mute Swans are always mute. False
75%
Egrets and herons are not related. False
75%
Crows can recognize human faces. True
75%
Mourning Dove coos have been mistaken for owl hoots. True
75%
The tufts that a Great Horned Owl has on its head are its ears. False
63%
A parrot species' males and females are so different that people once thought they were different species. True
63%
Screech-owls are named for their screeching. False
38%
Bufflehead ducks nest in trees in forests in the summer. True
38%
No matching quizzes found
Score Distribution
Percent of People with Each Score
Percentile by Number Answered
Your Score History
You have not taken this quiz